[Event "Boeing-Microsoft"]
[Site "?"]
[Date "1998.06.05"]
[Round "1"]
[White "Bartkiw, J."]
[Black "Bailey, B."]
[Result "0-1"]
[WhiteElo "1707"]
[BlackElo "1947"]
[Annotator "Stockfish 14 (15s)"]
[PlyCount "100"]

{C95: Closed Ruy Lopez: Breyer Variation with 10 d4} 1. e4 e5 2. Nf3 Nc6 3. Bb5
a6 4. Ba4 Nf6 5. O-O Be7 6. Re1 b5 7. Bb3 d6 8. c3 O-O 9. h3 Nb8 10. d4 Nbd7
11. Nbd2 c5 12. Nf1 Bb7 13. Ng3 Re8 14. Bc2 g6 15. a4 Bf8 16. a5 (16. Be3 exd4
17. cxd4 Bxe4 18. Nxe4 Nxe4 19. Bxe4 Rxe4 20. dxc5 Nxc5 21. Qd5 bxa4 22. Ng5
Re7 23. Rad1 Nd7 24. Qc6 Qc8 25. Qxa4 Qb7 26. Bd4 Qb5 27. Qxb5 axb5 28. Rxe7
Bxe7 29. Ne4 b4 30. Be3 Nf6 {
Sax,G (2600)-Ivanchuk,V (2680) Manila 1990 1/2-1/2 (31)}) 16... Bg7 (16... Rc8
17. b3 cxd4 18. cxd4 Qc7 19. Re2 exd4 20. Bb2 d5 21. e5 Nxe5 22. Nxe5 Rxe5 23.
Qxd4 Nd7 24. Rae1 Bc5 25. Qh4 Rxe2 26. Rxe2 Qd8 27. Qh6 Qf8 28. Qg5 f6 29. Qg4
Ne5 30. Qh4 Qf7 31. b4 {Ong,K-Borisek,J (2089) Oropesa del Mar 2000 0-1 (59)})
17. d5 $146 (17. b4 cxd4 18. cxd4 exd4 19. Bb2 Ne5 20. Bxd4 Rc8 21. Nxe5 dxe5
22. Bc5 {1/2-1/2 (22) Fuller,M (2280)-Sutton,R Skopje 1972}) 17... c4 18. Be3
Rc8 19. Ne2 Nc5 20. Bxc5 $2 (20. Qb1 $142 $5 $11) 20... Rxc5 $17 (20... dxc5 $6
21. Qd2 $15) 21. Nc1 $2 (21. Qd2 $5 $17) 21... Rf8 (21... Bh6 22. Ra3 $19) 22.
Na2 $2 (22. Qd2 Nh5 $19) 22... Nh5 (22... Qxa5 $142 $5 23. Nd2 Qd8 24. b3 $19)
23. Nb4 Nf4 (23... Bh6 24. g3 Ng7 25. h4 $19) 24. Kh2 (24. h4 $5 $17) 24... Qd7
25. Ng1 Rcc8 (25... Bc8 26. Qg4 f5 27. Qh4 $19) 26. g3 (26. Ne2 Qe7 $17) 26...
Nh5 27. Qd2 f5 (27... Kh8 28. Re2 $17) 28. exf5 gxf5 29. Qg5 Qf7 30. Bd1 $4 (
30. f3 $142 h6 31. Qxf5 Qxf5 32. Bxf5 Rxf5 33. g4 $17) 30... Nf6 31. Qxf5 (31.
Bf3 Rce8 32. Bg2 $19) 31... Nxd5 32. Qxf7+ Rxf7 33. Bf3 (33. f4 Nxb4 34. cxb4
exf4 $19) 33... Nxb4 (33... Rxf3 $142 34. Nxf3 Nxb4 35. Nh4 $19) 34. Bxb7 Rxb7
35. cxb4 e4 $1 36. Rxe4 Bxb2 37. Rb1 (37. Rd1 Rd7 38. Ne2 c3 $19) 37... Bg7 38.
Ne2 d5 39. Rg4 Kf7 (39... Rd7 $5 40. Nd4 c3 41. Rd1 $19) 40. Nd4 (40. Kg2 c3
41. Rc1 $19) 40... Bxd4 (40... c3 $142 41. Nf5 c2 $19) 41. Rxd4 $17 Ke6 (41...
Rd7 42. Kg2 Re8 43. Rf4+ Ke7 $19) 42. f4 $4 (42. Re1+ $142 Kf7 43. Rxd5 $11)
42... c3 $19 43. Rc1 (43. Re1+ Kf6 44. Rc1 $19) 43... c2 (43... Rc4 $142 44.
Rxc4 bxc4 45. Rxc3 Rxb4 46. Re3+ Kd6 47. Kg2 $19) 44. Kg2 Rbc7 45. Rd3 (45. g4
Rc4 46. f5+ Ke5 $19) 45... Rc4 46. Rb3 (46. f5+ Kxf5 47. Rxd5+ Ke4 $19) 46...
d4 47. Kf3 (47. f5+ Kxf5 48. Rf3+ Ke4 49. Re1+ Kd5 50. Rf5+ Kc6 51. Rf6+ Kb7
$19) 47... Kd5 48. g4 Rc3+ 49. Rxc3 Rxc3+ 50. Kg2 d3 (50... d3 51. Kf2 d2 52.
Rxc2 d1=Q 53. Rxc3 Qd2+ 54. Kg3 Qxc3+ 55. Kh4 Ke4 56. Kh5 Qf6 57. f5 Qg7 58. h4
Kf4 59. g5 Kxf5 60. g6 hxg6#) 0-1

[Event "Boeing-Microsoft"]
[Site "?"]
[Date "1998.06.05"]
[Round "2"]
[White "Bailey, B."]
[Black "Bartkiw, J."]
[Result "1-0"]
[WhiteElo "1947"]
[BlackElo "1707"]
[Annotator "Stockfish 14 (15s)"]
[PlyCount "59"]

{C92: Closed Ruy Lopez: 9...Be6, Karpov and Flohr-Zaitsev Variations} 1. e4 e5
2. Nf3 Nc6 3. Bb5 a6 4. Ba4 Nf6 5. O-O Be7 6. Re1 b5 7. Bb3 d6 8. c3 O-O 9. h3
Bb7 10. d4 Re8 11. Ng5 Rf8 12. a4 h6 13. Nf3 Re8 14. axb5 $146 (14. Qd3 exd4
15. cxd4 Nb4 16. Qc3 c5 17. Nbd2 Bf8 18. e5 Nfd5 19. Bxd5 Nxd5 20. Qd3 Nb4 21.
Qc3 dxe5 22. dxc5 Nd3 23. Re3 e4 24. c6 b4 25. Qc4 Rc8 26. Nxe4 Nxc1 27. Qxc1
Rxc6 28. Qe1 Rce6 {Yacob,F (2196)-Daurelle,H (2186) France 2002 0-1 (40)}) (14.
Na3 Bf8 15. d5 Nb8 16. Bd2 c6 17. c4 bxc4 18. Nxc4 cxd5 19. exd5 a5 20. Ne3
Nbd7 21. Rc1 Nc5 22. Bc4 Ba6 23. Bc3 Qd7 24. b3 Reb8 25. Bxa5 Bxc4 26. Rxc4
Nxb3 27. Bb4 Na5 28. Bxa5 Rxa5 {
Hacik,R (2210)-Marek,S (2170) Slovakia 1998 1-0 (72)}) 14... axb5 15. Rxa8 Qxa8
16. Qd3 (16. Na3 b4 17. Nb5 Qa5 $11) 16... Na5 17. Bc2 Bd8 $2 (17... Ba6 18.
dxe5 dxe5 19. Nxe5 $11) 18. d5 $4 (18. dxe5 $142 dxe5 19. Qxb5 $18) 18... Ba6
$11 19. b4 Nc4 20. Nbd2 Nd7 (20... c6 21. dxc6 Qxc6 22. Nxc4 bxc4 23. Qd1 $11)
21. Nxc4 (21. Nh2 $5 $16) 21... bxc4 $11 22. Qd1 Bb5 23. Nh2 (23. Be3 Be7 $11)
23... Nf6 24. Ng4 c6 (24... Qa2 $5 $15) 25. Nxf6+ (25. dxc6 Qxc6 26. Ne3 g6 $14
) 25... Bxf6 $11 26. g3 (26. Be3 cxd5 27. exd5 Kf8 $11) 26... Qc8 (26... cxd5
27. Qxd5 Qxd5 28. exd5 $17) 27. Kh2 (27. Ba4 Qa6 28. Bxb5 cxb5 $11) 27... Qd7 (
27... cxd5 28. Qxd5 Qc6 29. Rd1 $15) 28. Be3 Ra8 29. Qb1 Ra3 30. Qb2 (30. Qb2
Ra6 31. Ra1 $11) 1-0

[Event "Washington Class"]
[Site "?"]
[Date "1998.11.27"]
[Round "1"]
[White "Bailey, B."]
[Black "Edwards, G."]
[Result "0-1"]
[WhiteElo "1947"]
[BlackElo "1852"]
[Annotator "Stockfish 14 (15s)"]
[PlyCount "82"]

{B45: Sicilian Four Knights} 1. e4 c5 2. Nf3 Nc6 3. d4 cxd4 4. Nxd4 Nf6 5. Nc3
e6 6. Bc4 Bb4 7. f3 d5 8. Bb5 (8. exd5 Nxd5 9. Bxd5 Qxd5 10. Be3 Qc4 11. Kf2
Bxc3 12. bxc3 e5 13. Nxc6 Qxc6 14. Qd3 O-O 15. c4 Be6 16. c5 Rad8 17. Qa3 f5
18. Rhe1 f4 19. Bc1 Rd5 20. Qxa7 Rxc5 21. c3 Rxc3 22. Qa5 Rc2+ {
Chavez Chavez,R (2250)-Gonzales,E (2205) Buenos Aires 1978 0-1}) 8... Bd7 9.
Bg5 $146 (9. O-O O-O 10. Kh1 Nxd4 11. Bxd7 Nxc2 12. exd5 Nxa1 13. dxe6 fxe6 14.
Bxe6+ Kh8 15. Bg5 Qxd1 16. Rxd1 Bxc3 17. bxc3 Rfe8 18. Bf7 Re7 19. Bh5 Nc2 20.
Bxf6 gxf6 21. f4 Rc8 22. h3 Re1+ 23. Rxe1 Nxe1 {
Haakonstad,O-Baze,L Plymouth 1984 0-1}) (9. exd5 Nxd5 10. Bxc6 Nxc3 11. Qd2 Rc8
12. bxc3 Ba5 13. Bxd7+ Qxd7 14. Bb2 O-O 15. O-O Rfd8 16. Rad1 Qd6 17. Nb3 Qb6+
18. Qf2 Qb5 19. Rxd8+ Rxd8 20. c4 Qa6 21. Nxa5 Qxa5 22. a3 h6 23. Kh1 e5 {
Nguyen Ngoc Thuy,T-Doan Thi Van,A Ho Chi Minh City 2005 1-0 (57)}) (9. Bxc6
Bxc6 10. Nxc6 bxc6 11. exd5 cxd5 12. O-O Rc8 13. Qd3 O-O 14. Ne2 h6 15. Bf4 Bd6
16. Bxd6 Qxd6 17. Kh1 Rfd8 18. c3 e5 19. Rad1 Qb6 20. Rd2 Rd6 21. Ng3 g6 22.
Re1 Nd7 23. h4 Rc4 {Miele,R-Komel,D Nova Gorica 2003 0-1}) (9. Bxc6 $142 $5
bxc6 10. e5 $17) 9... dxe4 $19 10. Bxc6 bxc6 (10... Bxc6 11. Nxc6 bxc6 12. O-O
Qxd1 13. Raxd1 Bxc3 14. bxc3 exf3 15. Rxf3 $19) 11. O-O (11. Nb3 $142 c5 12.
fxe4 $17) 11... e5 $4 (11... Bxc3 $142 12. bxc3 c5 $17) 12. Nb3 $11 Qb6+ 13.
Kh1 e3 14. Qd3 Be6 15. Bxe3 Qc7 (15... Qd8 $142 $5 $14) 16. Nc5 $16 Qe7 17.
Nxe6 Qxe6 18. Ne4 (18. Nb5 $5 Qd7 19. Qb3 cxb5 20. Qxb4 $16) 18... O-O $14 19.
c4 (19. Nxf6+ Qxf6 20. Rad1 Rfe8 $14) 19... Rfd8 20. Qc2 Nxe4 21. Qxe4 f5 22.
Qc2 Ba5 23. b3 Bb6 24. Bxb6 axb6 25. Rfd1 (25. Rfe1 c5 $11) 25... Rd4 26. Kg1
Rad8 27. Kf1 $4 (27. Rxd4 $142 exd4 28. Qd2 $17) 27... c5 $19 28. Rxd4 (28. Kg1
e4 29. fxe4 fxe4 $19) 28... cxd4 (28... exd4 $6 29. Qd3 $15) (28... Rxd4 $6 29.
Rd1 $15) 29. Re1 (29. c5 bxc5 30. Rd1 h6 31. Qxc5 Rc8 $19) 29... d3 30. Qd2 e4
31. fxe4 (31. Qe3 $19) 31... fxe4 32. Re3 (32. Qe3 Qg4 33. h3 $19) 32... Qe5 (
32... Qf6+ $142 33. Kg1 Qa1+ 34. Re1 Qd4+ 35. Re3 Qxe3+ 36. Qxe3 d2 37. Qxd2
Rxd2 $19) 33. g3 Rf8+ 34. Kg2 Qf5 35. Re1 Qf3+ 36. Kg1 Rf7 37. b4 h5 38. c5
bxc5 39. bxc5 h4 $1 40. Qg2 (40. gxh4 Qg4+ {Decoy Double attack}) 40... Qxg2+
41. Kxg2 d2 (41... d2 42. Rxe4 d1=Q 43. Re8+ Kh7 44. Kh3 g5 45. a3 Qd7+ 46. Kg2
h3+ 47. Kg1 Qd1+ 48. Re1 Qxe1#) 0-1

[Event "Washington Class"]
[Site "?"]
[Date "1998.11.27"]
[Round "2"]
[White "Stewart, T."]
[Black "Bailey, B."]
[Result "1-0"]
[WhiteElo "1841"]
[BlackElo "1947"]
[Annotator "Stockfish 14 (15s)"]
[PlyCount "59"]

{D03: 1 d4 d5 2 Nf3 Nf6 3 Bg5, including Torre Attack with early ...d5} 1. d4
d5 2. Nf3 Nf6 3. Bg5 e6 4. e3 Be7 5. Nbd2 h6 6. Bh4 Nbd7 7. Bd3 b6 8. Qe2 (8.
a4 c5 9. c3 Bb7 10. Ne5 O-O 11. Bxf6 Bxf6 12. Nxd7 Qxd7 13. f4 a5 14. h4 Be7
15. g4 cxd4 16. cxd4 g6 17. Nf3 Ba6 18. Ne5 Qd6 19. Bxa6 Rxa6 20. Qd3 Raa8 21.
g5 Rfc8 22. O-O Bf8 {Hodgson,J (2545)-King,D (2500) London 1989 1/2-1/2 (45)})
8... Bb7 9. c3 c5 $146 (9... Ne4 10. Bxe7 Qxe7 11. Bb5 (11. Ba6 Bxa6 12. Qxa6
Nxd2 13. Nxd2 O-O 14. O-O c5 15. Rae1 Nf6 16. Qd3 Rad8 17. Nf3 Qc7 18. Ne5 Nd7
19. Nxd7 Rxd7 20. f4 c4 21. Qe2 f5 22. Qh5 Kh7 23. Rf3 g6 24. Qh4 Qd8 25. Qxd8
Rfxd8 {Ragonese,L (2018)-Kloster,J (2127) Arco 2000 1/2-1/2 (39)}) 11... O-O
12. O-O Nd6 13. Bd3 e5 14. dxe5 Nxe5 15. Nxe5 Qxe5 16. Nf3 Qe7 17. Ba6 Bc6 18.
Nd4 Bd7 19. Nb5 Nxb5 20. Bxb5 c6 21. Bd3 Rfe8 22. Qc2 c5 23. Rfd1 Rac8 24. Bf5
{Kostadinov,R (2275)-Dobrev,I (2310) Varna 1995 1/2-1/2 (39)}) 10. Ne5 Nxe5 11.
dxe5 Nd7 12. Bxe7 Qxe7 13. f4 O-O-O 14. a4 (14. O-O Kb8 $11) 14... f6 15. exf6
gxf6 16. a5 Kc7 (16... c4 17. Bc2 $11) 17. axb6+ (17. Ba6 Bxa6 18. Qxa6 Ra8 $14
) 17... axb6 $14 18. Nf3 (18. Ba6 Ra8 19. O-O f5 $11) 18... e5 19. Nh4 Rhg8 20.
Nf5 Qf8 $2 (20... Qe6 $142 21. Nxh6 e4 $14) 21. Ba6 $18 exf4 $4 (21... c4 $142
22. Bxb7 Kxb7 $18) 22. Bxb7 Kxb7 23. O-O (23. Qa6+ Kc6 24. Qa4+ b5 $18) 23...
fxe3 (23... c4 24. Rxf4 (24. exf4 $6 Nc5 $18) 24... Qc5 25. Nxh6 $18) 24. b4 (
24. Qa6+ $142 Kc6 25. Qa4+ Kc7 26. Qa7+ Kc8 27. Rfe1 $18) 24... c4 (24... Ra8
25. Qxe3 Rxa1 26. Rxa1 Ne5 $18) 25. Nxe3 (25. Qxe3 $142 Ne5 26. Qd2 $18) 25...
Qe7 26. Qf2 (26. Qd2 $142 Ne5 27. Nf5 $18) 26... Qe4 $2 (26... Rde8 $142 27.
Rfe1 Qe6 $16) 27. Nf5 $18 Ne5 (27... Qe6 28. Nd4 Qg4 $18) 28. Qa2 Nf3+ (28...
Ra8 29. Nd6+ Kc7 30. Nxe4 Rxa2 31. Rxa2 dxe4 $18) 29. Rxf3 $1 Qxf3 (29... Qxf3
30. Qa7+ {Mate attack}) (29... -- $140 30. Qa7+ {Mate threat}) 30. Qa7+ (30.
Qa7+ Kc6 31. b5+ Kxb5 32. Nd4+ Kc5 33. Qc7#) 1-0

[Event "Washington Class"]
[Site "?"]
[Date "1998.11.28"]
[Round "3"]
[White "Bailey, B."]
[Black "Soros, A."]
[Result "0-1"]
[WhiteElo "1947"]
[BlackElo "1905"]
[Annotator "Stockfish 14 (15s)"]
[PlyCount "74"]

{C93: Closed Ruy Lopez: Smyslov Variation} 1. e4 e5 2. Nf3 Nc6 3. Bb5 a6 4. Ba4
Nf6 5. O-O Be7 6. Re1 b5 7. Bb3 d6 8. c3 O-O 9. h3 Bb7 10. d4 h6 11. Nbd2 Re8
12. Nf1 Bf8 13. Bc2 (13. d5) 13... Bc8 $146 (13... Rc8 14. Ng3 Nb8 15. dxe5
dxe5 16. Qe2 c5 17. Bd2 c4 18. Rad1 Qc7 19. Nf5 h5 20. Nh2 g6 21. Ng3 Rcd8 22.
Ngf1 Nbd7 23. g4 h4 24. Nf3 Nc5 25. Bg5 Be7 26. Bxf6 Bxf6 27. g5 Be7 28. Rxd8 {
Choi Junil-Kim Hyunwoo Ilsan 2006 0-1 (67)}) (13... exd4 14. cxd4 Nb4 15. Ng3
Nxc2 16. Qxc2 d5 (16... c5 17. Bd2 Qb6 18. d5 g6 19. Bc3 Nd7 20. b3 Rac8 21.
Qd2 Bg7 22. h4 Qd8 23. h5 Bxc3 24. Qxc3 Qf6 25. Qd2 Kg7 26. Nh2 Qg5 27. Re3 Qe5
28. Rf1 Nf6 29. f4 Qd4 30. Nf3 Qxd2 31. Nxd2 {
Przygodda,M-Tamm,U (2270) Dortmund 1989 1/2-1/2 (41)}) 17. e5 Ne4 18. Be3 Nxg3
19. fxg3 Rc8 20. Rac1 c5 21. Qf2 c4 22. Rf1 Rc7 23. g4 Bc8 24. Qg3 Be6 25. g5
hxg5 26. Nxg5 Qd7 27. Qh4 Bf5 28. g4 {
Fernandes,A (2200)-Boino,C (2000) Lisbon 1997 1/2-1/2 (58)}) (13... exd4 $5 14.
cxd4 Nb4 $11) 14. d5 (14. b3 $5 $16) 14... Ne7 $14 15. a4 Bd7 16. axb5 (16. b3
c6 17. c4 Ng6 $14) 16... axb5 $11 17. Rxa8 Qxa8 18. Bd3 (18. N3h2 Ng6 $11)
18... c6 19. dxc6 Bxc6 20. Ng3 Qb7 21. Qe2 Ra8 22. b3 Ra1 23. Bb2 Ra2 24. Ra1 (
24. Nh4 $5 $11) 24... Rxa1+ $17 25. Bxa1 Ng6 26. Nd2 $4 (26. Bb1 $142 $17)
26... Nf4 $19 27. Qf1 (27. Qf3 Qa6 28. Bb2 Qa2 $19) 27... Qa8 (27... d5 $142
28. Be2 Nxe4 29. Ndxe4 dxe4 $19) 28. Bc2 d5 (28... h5 $142 29. Qe1 d5 $19) 29.
f3 $4 (29. c4 $142 d4 30. cxb5 Bxb5 31. Qxb5 Qxa1+ 32. Bb1 $19) 29... Qa7+ $19
30. Kh2 Qe3 31. exd5 Bxd5 (31... Qxd2 $143 32. dxc6 Bd6 33. Be4 $19) 32. Nde4
Nxe4 33. Nxe4 Nh5 (33... Bxe4 $142 34. fxe4 Qd2 35. Bd1 $19) 34. b4 $4 (34. Qd3
$142 Qxd3 35. Bxd3 $11) 34... Bc4 $19 35. Qd1 (35. Qg1 Qf4+ 36. g3 Qxf3 37. Qf2
Qxf2+ 38. Nxf2 $19) 35... f5 36. Nd2 (36. Qd2 Qb6 37. Nc5 Bd6 $19) 36... Be2
37. Qe1 e4 $1 (37... e4 38. Nf1 Qf4+ 39. g3 Nxg3 40. Qxg3 Qc1 41. Bb3+ Kh7 $19)
0-1

[Event "Washington Class"]
[Site "?"]
[Date "1998.11.28"]
[Round "4"]
[White "Rasmussen, E."]
[Black "Bailey, B."]
[Result "0-1"]
[WhiteElo "1812"]
[BlackElo "1947"]
[Annotator "Stockfish 14 (15s)"]
[PlyCount "128"]

{D00: 1 d4 d5: Unusual lines} 1. d4 d5 2. e4 dxe4 3. Nc3 Nf6 4. f3 Bf5 5. fxe4
Nxe4 6. Qf3 Nxc3 7. bxc3 Qc8 8. Bc4 (8. Bd3 e6 9. Nh3 Bd6 10. O-O O-O 11. Bxf5
exf5 12. Rb1 Nc6 13. Rb5 Ne7 14. Rxb7 c6 15. Rb3 c5 16. dxc5 Bxc5+ 17. Be3
Bxe3+ 18. Qxe3 Nd5 19. Qd3 Qc5+ 20. Qd4 Qc6 21. Rxf5 Rad8 22. Qe4 Rfe8 {
Hommeles,T (2390)-Friedrichs,K (2356) Belgium 2003 1/2-1/2 (31)}) 8... e6 9.
Ne2 Nd7 $146 (9... Bd6 10. Ng3 (10. O-O O-O 11. Nf4 Nd7 12. g4 Bxc2 13. Qe2
Bxf4 14. Rxf4 Nb6 15. Ba3 Re8 16. Raf1 Nxc4 17. Rxf7 Bf5 18. gxf5 Kxf7 19.
fxe6+ Kg8 20. Qxc4 b5 21. Qc6 Rxe6 22. Qd5 c6 23. Qb3 Qd7 24. Rf5 Kh8 {
Zoll,D-Kesik,K (2270) Germany 1996 0-1}) 10... Bxc2 11. Nh5 O-O 12. Bh6 Qd8 13.
Bxg7 Qh4+ 14. g3 Qe4+ 15. Be2 Nd7 16. Bxf8 Rxf8 17. O-O Ba3 18. Qxe4 Bxe4 19.
Rf4 Bb2 20. Raf1 f5 21. Bf3 Bd3 22. Rd1 Ba6 23. c4 e5 24. dxe5 {
Rossi,P (1811)-Orsoni,J (1852) Bastia 2006 1/2-1/2 (54)}) (9... c6 10. O-O Bd6
11. g4 Bg6 12. Bf4 Bxf4 13. Nxf4 O-O 14. Nxe6 Nd7 15. Nxf8 Qxf8 16. Rae1 Nf6
17. h4 h5 18. gxh5 Bxh5 19. Qg3 Kh8 20. Re5 Bg6 21. h5 Bxc2 22. h6 Nd5 23. Bxd5
cxd5 24. Re7 {Moritz,P-Rohrbacher,W Waldshut 1981 1-0}) 10. O-O Nf6 (10... Bd6
11. Ng3 Bxg3 12. Qxg3 $15) 11. Bb3 (11. Ng3 Bg6 12. Bg5 Be7 $11) 11... Bg4 (
11... Be7 12. Bg5 O-O 13. Ng3 $17) 12. Qf2 (12. Qe3 Qd7 13. Ng3 O-O-O $11)
12... Bxe2 (12... Qd7 $5 13. Ng3 h5 $17) 13. Qxe2 $11 Be7 14. Bg5 (14. d5 exd5
(14... Nxd5 $2 15. Bxd5 exd5 16. Re1 $18) 15. Ba3 c5 $11) 14... O-O (14... Qd7
15. Rad1 $11) 15. Rf3 $11 Qd7 (15... c5 $142 $5 16. Raf1 Qd8 $11) 16. Raf1 Qd8
(16... Kh8 17. Rh3 Ng8 18. Bf4 $14) 17. Rg3 (17. Bc4 $142 $5 $16) 17... Kh8 $14
18. Rh3 c6 $4 (18... h6 $142 $11) 19. Qd3 (19. Rxf6 $142 Bxf6 20. Qe4 $18)
19... g6 20. Qf3 $4 (20. Bh6 $142 a5 21. a4 $18) 20... Nh5 $4 (20... Ng8 $142
21. Bc1 Rc8 $15) 21. Bh6 $18 Ng7 $2 (21... f5 22. Bxf8 Qxf8 23. Bxe6 Nf6 24.
Bxf5 gxf5 25. Qxf5 Rd8 $18) 22. Qe3 (22. Qf4 $142 Nf5 23. g4 $18) 22... Nf5 $11
23. Rxf5 exf5 24. Bxf8 $4 (24. Bg7+ $142 $1 Kxg7 25. Qh6+ Kf6 26. Qh4+ Kg7 27.
Qxh7+ Kf6 28. Qh4+ Kg7 29. Qh6+ Kf6 30. Qh4+ Kg7 31. Qh6+ Kf6 32. Qh4+ $11)
24... Qxf8 $19 (24... Bxf8 $6 25. Bxf7 Qf6 26. Qe6 Qxe6 27. Bxe6 $11) 25. Qe5+
Kg8 26. Qc7 (26. Re3 Bg5 27. Re2 Qd8 $19) 26... Bg5 27. Rf3 (27. Rg3 Bc1 28.
Qe5 $19) 27... Re8 28. Qg3 (28. Bc4 Re7 29. Qg3 Qh6 $19) 28... Qe7 29. h3 Qe1+
(29... Kg7 $142 $19) 30. Qxe1 Rxe1+ 31. Kf2 Re7 32. g3 (32. Rd3 Kg7 $19) 32...
Kf8 33. h4 (33. g4 Bh4+ 34. Kg2 fxg4 35. hxg4 Kg7 $19) 33... Bh6 (33... Bf6 34.
a4 $19) 34. d5 (34. Rd3 Bg7 $19) 34... cxd5 35. Bxd5 Bg7 36. Rd3 Rc7 37. c4 b5
$4 (37... Bf6 $142 $19) 38. cxb5 $15 Rxc2+ 39. Kf3 Rc3 (39... Be5 40. Bb3 Rc7
41. a4 $15) 40. Rxc3 $11 Bxc3 41. g4 $4 (41. Kg2 $142 $11) 41... fxg4+ $19 42.
Kxg4 f5+ 43. Kf3 Ke7 44. a4 (44. Ke2 h6 $19) 44... Kf6 45. Ke3 Ke5 46. Bg8 (46.
Bf7 Be1 47. h5 g5 $19) 46... h6 47. Kf3 Be1 (47... g5 48. Ke2 g4 49. b6 axb6
50. Kd3 $19) 48. Bh7 (48. Bf7 g5 $19) 48... Kf6 49. h5 gxh5 (49... g5 $142 $19)
50. Kf4 Bd2+ 51. Kf3 h4 52. Kg2 Kg5 53. Kh3 Be1 54. Bg8 Kf4 55. Bd5 $4 (55. Bh7
$142 $15) 55... Ke3 $19 56. a5 Bxa5 57. Kxh4 Kf2 58. Kh3 Bc7 (58... f4 $142 $19
) 59. Be6 f4 60. Bd5 f3 61. Kg4 h5+ $1 62. Kxh5 Ke2 63. Kg4 f2 64. b6 axb6 0-1

[Event "Washington Class"]
[Site "?"]
[Date "1998.11.29"]
[Round "5"]
[White "Bailey, B."]
[Black "Pitre, H."]
[Result "1-0"]
[WhiteElo "1947"]
[BlackElo "1850"]
[Annotator "Stockfish 14 (15s)"]
[PlyCount "57"]

{B18: Classical Caro-Kann: 4...Bf5 sidelines} 1. e4 c6 2. d4 d5 3. Nc3 dxe4 4.
Nxe4 Bf5 5. Ng3 Bg6 6. Nf3 Nd7 7. Nh4 e6 8. Nxg6 hxg6 9. Bd3 Ngf6 10. c3 (10.
Qe2 c5 11. dxc5 Bxc5 12. Bd2 Qb6 13. Rb1 Bd6 14. Ne4 Nxe4 15. Bxe4 Rc8 16. g3
Nf6 17. O-O Nxe4 18. Qxe4 Qc6 19. Qxc6+ Rxc6 20. c3 Ke7 21. Bg5+ f6 22. Be3 g5
23. Kg2 g4 24. Rbd1 e5 {
Borriss,M (2440)-Tischbierek,R (2490) Germany 1997 1/2-1/2 (56)}) (10. Bg5 Qa5+
11. Qd2 Qxd2+ 12. Kxd2 O-O-O 13. c4 c5 14. d5 exd5 15. cxd5 Ne5 16. Ne4 Nxd3
17. Nxf6 Nxf2 18. Rhe1 gxf6 19. Bxf6 Rxd5+ 20. Ke2 Rxh2 21. Kxf2 Bd6 22. Bc3
Rg5 23. Rg1 c4 24. Rad1 Bc5+ {
Mateos Martinez,F-Picazo Gonzalez,A Lorca 2005 0-1 (45)}) 10... Qc7 11. Qc2
$146 (11. Bg5 Bd6 12. Qf3 Qa5 13. Bd2 O-O-O 14. b4 Qc7 15. h3 e5 16. O-O exd4
17. cxd4 Kb8 18. a4 Rh4 19. Ne2 Rdh8 20. Rfb1 g5 21. Bxg5 R4h5 22. Bxf6 Nxf6
23. b5 c5 24. a5 Qd7 25. a6 b6 {Baric,D-Barczyszyn,K Bled 1992 1-0 (40)}) (11.
Nf1 Bd6 12. g3 O-O-O 13. Qa4 Kb8 14. f4 c5 15. Be3 Ng4 16. Bg1 cxd4 17. Bxd4
Nc5 18. Qc2 Nxd3+ 19. Qxd3 e5 20. Ne3 Nxe3 21. Bxe3 exf4 22. Bd4 Qe7+ 23. Kd2
fxg3 24. hxg3 Qg5+ 25. Kc2 Qxg3 {
Trafi Guillaume,J (1960)-Roig Gorina,H (2035) Terrassa 1996 0-1 (54)}) (11. Qf3
e5 $11) 11... O-O-O 12. h3 Bd6 13. Ne4 Nxe4 14. Bxe4 e5 15. dxe5 (15. Bg5 f6
16. Bd2 $15) 15... Bxe5 (15... Nxe5 $5 16. Bg5 Be7 $17) 16. Be3 (16. O-O Bh2+
17. Kh1 Bf4 $11) 16... Nf6 (16... Bf4 17. Bxf4 Qxf4 18. O-O $15) 17. Bf3 (17.
O-O Bh2+ 18. Kh1 Bf4 $11) 17... Rhe8 (17... Bf4 $5 18. Bxf4 Qxf4 $11) 18. O-O
$11 Kb8 (18... Bh2+ $5 19. Kh1 Bf4 20. Bxa7 b6 $11) 19. Qa4 $16 a5 (19... a6
20. Rfd1 $16) 20. Rad1 Rxd1 21. Rxd1 (21. Qxd1 $6 Bh2+ 22. Kh1 Bf4 $14) (21.
Bxd1 $6 Nd5 22. Bc5 Nf4 $11) 21... b5 $4 (21... Rd8 $142 $16) 22. Qc2 (22. Qb3
$142 Bh2+ 23. Kf1 Qb7 $18) 22... Kb7 (22... Kc8 23. c4 Rd8 $18) 23. a4 Nd5 (
23... Kc8 24. Qb3 Bh2+ 25. Kf1 bxa4 26. Qc4 Rxe3 27. Bxc6 $18) 24. Bxd5 cxd5
25. Rxd5 Bf4 (25... Bh2+ 26. Kh1 Bf4 27. Qe2 $18) 26. Rxb5+ (26. Qe2 $5 Kc8 27.
Qxb5 Re6 $18) 26... Kc8 27. Qd2 Bxe3 28. fxe3 Qg3 (28... Rd8 29. Rd5 Rxd5 30.
Qxd5 $18) 29. Rxa5 (29. Rxa5 Qxe3+ 30. Qxe3 Rxe3 31. Rc5+ Kb7 32. b4 $18) 1-0

[Event "Washington Class"]
[Site "?"]
[Date "1998.11.29"]
[Round "6"]
[White "Williams, D."]
[Black "Bailey, B."]
[Result "1-0"]
[WhiteElo "1934"]
[BlackElo "1947"]
[Annotator "Stockfish 14 (15s)"]
[PlyCount "83"]

{D10: Slav Defence: 3 cxd5 (without early Nf3) and 3 Nc3} 1. d4 d5 2. c4 e6 3.
Nc3 Nf6 4. Bg5 Be7 5. e3 c6 6. cxd5 cxd5 7. Bd3 Nc6 8. Rc1 (8. a3 h6 9. Bh4 a6
10. f4 O-O 11. g4 Nh7 12. Bxe7 Qxe7 13. Nf3 g6 14. Qc2 f5 15. gxf5 gxf5 16.
O-O-O Kf7 17. Rdg1 Rg8 18. Rg3 Bd7 19. Qg2 Rxg3 20. hxg3 Qf6 21. Qh3 Kg7 22.
Ne5 Nxe5 {Cibicek,J (1935)-Tran,A Znojmo 2006 1-0}) 8... Bd7 9. Nge2 O-O 10.
O-O Ne8 $146 (10... Rc8 11. Bb1 Ne8 12. Bxe7 Nxe7 13. Ng3 f5 14. Qb3 Nd6 15.
Rfe1 Qa5 16. f3 Nc6 17. Rcd1 Qb6 18. Qxb6 axb6 19. Na4 Nc4 20. b3 Nb4 21. Nc5
bxc5 22. bxc4 Ba4 23. Rd2 dxc4 24. dxc5 Rxc5 25. Ne2 {
Duncker,J (2265)-Staller,P (2345) Germany 1997 1/2-1/2 (60)}) 11. Bf4 Bd6 12.
Bb1 Bxf4 13. Nxf4 (13. exf4 $143 g6 $15) 13... f5 (13... Ne7 14. Qc2 Ng6 15. g3
$11) 14. Na4 g5 15. Nh5 (15. Nd3 $5 Qe7 16. Nac5 $16) 15... b6 $14 16. Nc3 Nf6
(16... Nd6 $5 $11) 17. h3 Qe8 (17... Rf7 $5 $16) 18. Nxf6+ Rxf6 19. f4 h6 (
19... gxf4 20. Rxf4 Ne7 21. Bd3 $16) 20. Rc2 (20. fxg5 $142 $5 hxg5 21. e4 $18)
20... Qf7 21. Rd2 (21. Qf3 Rg6 $16) 21... Kh8 22. g3 Rg8 23. Kh2 (23. Rg2 Be8
$14) 23... g4 24. h4 Rc8 25. Bd3 Qe7 26. Ba6 Rd8 27. Qe2 Bc8 28. Bb5 Bb7 29.
Rc1 Rc8 30. Nd1 Rff8 31. Rdc2 Nb4 32. Rxc8 Rxc8 33. Rxc8+ Bxc8 34. a3 Bb7 $4 (
34... a6 $142 $14) 35. axb4 $18 Qxb4 36. Nf2 Kg7 (36... Kg8 37. Bd3 Bc6 38. Qc2
$18) 37. Bd3 h5 (37... Bc6 38. Qc2 Qd6 39. Bf1 $18) 38. Qc2 Qe1 (38... Qe7 39.
Qa4 a6 40. Bf1 $18) 39. Kg2 (39. Qc7+ Kf6 40. Kg2 Qxe3 41. Qxb7 Qxd4 $18) 39...
Qxe3 40. Qc7+ Kf6 41. Qe5+ (41. Qxb7 Qxd4 42. Qh7 Qb4 43. Qxh5 Kg7 44. Qg5+ Kf7
$18) 41... Qxe5 42. fxe5+ (42. fxe5+ Ke7 43. Bc2 $18) 1-0